000 00582nam a2200181Ia 4500
005 20250508160435.0
008 008 250505s9999 xx 000 0 eng d
037 _aTextual
040 _aFEDL
_beng
_cFEDL
041 _aeng
_2eng
084 _a370.193, RUH
_qFEDL
100 _aRuhela S. P. Ed.
_9303118
245 0 _aSocial determinants of educability in India : Papers in the sociological context of Indian education
260 _aNew Delhi, India
_bJain Brothers
_c1969
300 _axxvii,267p
942 _cTEXL
_h370.193, RUH
999 _c1364616
_d1364616